Herkes için mikroişlemciler ve bilgisayarlar : (Record no. 1194)
| 000 -BAŞLIK | |
|---|---|
| Sabit Uzunluktaki Kontrol Alanı | 00989nam a22003017a 4500 |
| 001 - KONTROL NUMARASI | |
| Control Dosyası | 0001200 |
| 003 - KONTROL NUMARASI KİMLİĞİ | |
| Kontrol Alanı | KOHA_MİRAKIL |
| 005 - EN SON İŞLEM TARİHİ ve ZAMANI | |
| Kontrol Alanı | 20260207001233.0 |
| 007 - FİZİKSEL TANIM SABİT ALAN - GENEL BİLGİ | |
| Sabit uzunluklu kontrol alanı | ta |
| 008 - SABİT UZUNLUKTAKİ VERİ ÖGELERİ - GENEL BİLGİ | |
| Sabit Alan | 081212b2004 tu |||gr||||#||||0|tur | |
| 020 ## - ISBN - ULUSLARARASI STANDART KİTAP NUMARASI | |
| Isbn | 9753162588 |
| Kullanılabilirlik koşulları | YTL22,69 |
| 040 ## - KATALOGLAMA KAYNAĞI | |
| Özgün Kataloglama Kurumu | TR-BiSEU |
| Kataloglama Dili | tur |
| Çeviri Kurumu | TR-BiSEU |
| Açıklama Kuralları | rda |
| 041 0# - DİL KODU | |
| Metin ya da ses kaydının dil kodu | tur |
| 044 ## - YAYINLAYAN/ÜRETEN KURULUŞUN ÜLKE KODU | |
| ISO country code | tu |
| 050 ## - SINIFLAMA ve YER NUMARASI | |
| Sınıflama Numarası | TK7895.M55 |
| Yer Numarası | G86 2004 |
| 100 1# - KİŞİ ADI | |
| Yazar Adı (Kişi adı) | Gümüşkaya, Haluk. |
| 245 1# - ESER ADI BİLDİRİMİ | |
| Başlık | Herkes için mikroişlemciler ve bilgisayarlar : |
| Alt Eseradı vb. | Intel ailesi ve IBM pc/ |
| Sorumluluk Bildirimi | Haluk Gümüşkaya ; Haluk Gümüşkaya. |
| 264 #1 - ÜRERİM, YAYIN, DAĞITIM ve TELİF BİLDİRİMİ | |
| Yayın yeri | İstanbul : |
| Yayınlayan | Alfa Yayınları |
| Yayın tarihi | 2004 |
| 300 ## - FİZİKSEL TANIMLAMA | |
| Sayfa, Cilt vb. | 430 sayfa: resimli; 25 cm. |
| 336 ## - İÇERİK TÜRÜ | |
| Content type term | metin |
| Content type code | txt |
| Source | rdacontent |
| 337 ## - MEDYA TÜRÜ | |
| Media type term | aracısız |
| Media type code | n |
| Source | rdamedia |
| 338 ## - TAŞIYICI TÜRÜ | |
| Carrier type term | cilt |
| Carrier type code | nc |
| Source | rdacarrier |
| 490 0# - DİZİ BİLDİRİMİ | |
| Dizi Bildirimi | Alfa Yayınları: 604 Bilgisayar dizisi: 146 |
| 650 #0 - KONU BAŞLIĞI EK GİRİŞ - KONU TERİMİ | |
| Konusal terim veya coğrafi ad | Mikroişlemciler. |
| 9 (RLIN) | 2133 |
| 650 #0 - KONU BAŞLIĞI EK GİRİŞ - KONU TERİMİ | |
| Konusal terim veya coğrafi ad | Intel 8XXX dizi mikroişlemciler. |
| 9 (RLIN) | 4171 |
| 830 0# - SERİ EK GİRİŞİ - TEKBİÇİM ESER ADI | |
| Tekbiçim Başlık | Alfa Yayınları: 604 Bilgisayar dizisi: 146 |
| 9 (RLIN) | 4172 |
| 942 ## - EK GİRİŞ ÖGELERİ (KOHA) | |
| Source of classification or shelving scheme | Library of Congress Classification |
| Koha item type | Book |
| Materyal Türü | Kalıcı Konum | Mevcut Konum | Raf Yeri | Sınıflandırma Kaynağı | Edinim Bilgisi | Ana Konular | Alt Konular | Yer Numarası | Demirbaş Numarası | Fatura Tarihi | Maliyet, Alış Fiyatı | Maliyet, Yenileme Fiyatı | Geri Çekilme Durumu | Kayıp Durumu | Hasarlı Durumu | Kredi için değil | Kayıt Tarih | Toplam Ödünçverme | Son Görülme Tarihi | Son Kontrol Tarihi |
|---|---|---|---|---|---|---|---|---|---|---|---|---|---|---|---|---|---|---|---|---|
| Book | Prof. Dr. Azmi Özcan Kütüphanesi | Prof. Dr. Azmi Özcan Kütüphanesi | Birûni Salonu | Library of Congress Classification | Satın | TEKNOLOJİ | Elektrik Mühendisliği, Elektronik, Nükleer Mühendislik | TK7895.M55 G86 2004 | 0001200 | 12/12/2008 | 24.51 | 24.51 | 12/12/2008 | 9 | 05/05/2025 | 05/05/2025 | ||||
| Book | Prof. Dr. Azmi Özcan Kütüphanesi | Prof. Dr. Azmi Özcan Kütüphanesi | Birûni Salonu | Library of Congress Classification | Satın | TEKNOLOJİ | Elektrik Mühendisliği, Elektronik, Nükleer Mühendislik | TK7895.M55 G86 2004 | 0001390 | 12/12/2008 | 24.51 | 24.51 | 12/12/2008 | 10 | 05/05/2025 | 05/05/2025 |
